Los trastornos del aprendizaje: manual de neurología, psicología y educación para maestros
Guardat en:
| Autors principals: | , |
|---|---|
| Format: | Llibre |
| Idioma: | espanyol |
| Publicat: |
Buenos Aires
Paidós
1978
|
| Col·lecció: | Biblioteca de psicopedagogía Paidós, 11
|
| Matèries: | |
| Etiquetes: |
Afegir etiqueta
Sense etiquetes, Sigues el primer a etiquetar aquest registre!
|
MARC
| LEADER | 00000nam a2200000 a 4500 | ||
|---|---|---|---|
| 001 | UCY8885 | ||
| 003 | CL-VaPUC | ||
| 008 | 950707e19780000AG |||||||||||||||||spa|d | ||
| 082 | 0 | 4 | |a 371.91 |b CHI |2 21 |
| 100 | 0 | |a Chiaradia, José A |e author |9 340647 | |
| 700 | 0 | |a Turner, Marcos |e author |9 340648 | |
| 245 | 1 | 4 | |a Los trastornos del aprendizaje: manual de neurología, psicología y educación para maestros |
| 300 | |a 246 p | ||
| 942 | |c BK | ||
| 945 | |d 19950707 00:00:00 |a mfernand | ||
| 260 | |a Buenos Aires |b Paidós |c 1978 | ||
| 650 | 0 | |a Trastornos del aprendizaje |9 307969 | |
| 650 | 0 | |a Alumnos subordinados |9 339380 | |
| 650 | 0 | |a Aprendizaje |9 254827 | |
| 650 | 7 | |a EDUCABILIDAD |2 CL-VaPUC |9 340649 | |
| 650 | 7 | |a RETRASO EN LOS ESTUDIOS |2 CL-VaPUC |9 340598 | |
| 650 | 7 | |a LATERALIDAD |2 CL-VaPUC |9 340650 | |
| 650 | 0 | |a Cerebro |9 307262 | |
| 650 | 0 | |a Neurobiología |9 269798 | |
| 650 | 0 | |a Epilepsia |9 334738 | |
| 650 | 0 | |a Desarrollo del lenguaje |9 311270 | |
| 650 | 7 | |a TRASTORNOS DEL HABLA |2 CL-VaPUC |9 309440 | |
| 650 | 0 | |a Afasia |9 310673 | |
| 583 | |a last modification |c 19950707 00:00:00 |k Rodrigo Vera | ||
| 490 | 0 | |a Biblioteca de psicopedagogía Paidós, 11 | |
| 999 | |c 236066 |d 236064 | ||
| 952 | |0 0 |1 0 |4 0 |6 371_910000000000000_CHI_1978 |7 0 |8 P |9 243890 |a BIBEDU |b BIBEDU |c BIBEDU_PB |d 2019-11-18 |i 1530321 |l 1 |o 371.91 CHI 1978 |p 1530321 |r 2024-01-25 |s 2022-03-14 |w 2019-11-18 |y BK |k EDU | ||
| 952 | |0 0 |1 0 |4 0 |6 371_910000000000000_CHI_1978 |7 0 |8 P |9 243891 |a BIBEDU |b BIBEDU |c BIBEDU_PB |d 2019-11-18 |i 1530313 |l 1 |o 371.91 CHI 1978 |p 1530313 |r 2024-01-25 |s 2022-03-14 |w 2019-11-18 |y BK |k EDU | ||